Jurisprudencia constitucional destacada 2008-2009: análisis crítico
Saved in:
| Hovedforfatter: | |
|---|---|
| Format: | Bog |
| Sprog: | spansk |
| Udgivet: |
Santiago
Legal Publishing
2011
|
| Udgivelse: | 1a. ed |
| Fag: | |
| Tags: |
Tilføj Tag
Ingen Tags, Vær først til at tagge denne postø!
|
MARC
| LEADER | 00000nam a2200000 a 4500 | ||
|---|---|---|---|
| 001 | UCG6511 | ||
| 003 | CL-VaPUC | ||
| 005 | 20231220171020.0 | ||
| 008 | 110428e20110300CL |||||||||||||||||spa|d | ||
| 999 | |c 344717 |d 344715 | ||
| 020 | |a 9789562389747 | ||
| 040 | |c Pontificia Universidad Católica de Valparaíso | ||
| 082 | 0 | 4 | |a 342.03 |b MAR |2 21 |
| 100 | |a Marshall Barberán, Pablo |e autor |9 589130 | ||
| 245 | 1 | 0 | |a Jurisprudencia constitucional destacada 2008-2009: análisis crítico |
| 250 | |a 1a. ed | ||
| 260 | |a Santiago |b Legal Publishing |c 2011 | ||
| 300 | |a 316 p | ||
| 500 | |a II coloquio sobre la jurisprudencia del Tribunal Constitucional | ||
| 583 | |a last modification |c 20110428 00:00:00 |k Rodrigo Vera | ||
| 600 | 0 | |a Aldunate Lizana, Eduardo |9 882987 | |
| 600 | 0 | |a Atria Lemaitre, Fernando |d 1968- |9 883755 | |
| 600 | 0 | 7 | |a CAZOR ALISTE, KAMEL |2 CL-VaPUC |9 556733 |
| 600 | 0 | 7 | |a COUSO SALAS, JAVIER |2 CL-VaPUC |9 556734 |
| 600 | 0 | 7 | |a FERNANDEZ CRUZ, JOSE ANGEL |2 CL-VaPUC |9 556735 |
| 600 | 0 | |a Ferrada Bórquez, Juan Carlos |e autor |9 529871 | |
| 600 | 0 | 7 | |a JIMENEZ SALAS, GUILLERMO |2 CL-VaPUC |9 556737 |
| 600 | 0 | 7 | |a Letelier Wartenberg, Raúl |d 1974- |9 860613 |
| 600 | 0 | 7 | |a LOVERA PARMO, DOMINGO |2 CL-VaPUC |9 556739 |
| 600 | 0 | 7 | |a Montt Oyarzún, Santiago |9 867089 |
| 600 | 0 | |a Núñez Poblete, Manuel Antonio, |d 1970- |9 556741 | |
| 600 | 0 | 7 | |a ZUÑIGA AÑAZCO, YANIRA |2 CL-VaPUC |9 556742 |
| 600 | 0 | 7 | |a ZUÑIGA URBINA, FRANCISCO |2 CL-VaPUC |9 556743 |
| 650 | 0 | |a Jurisprudencia constitucional |9 386870 | |
| 650 | 0 | |a Derecho constitucional |9 222588 | |
| 650 | 0 | |a Tratados internacionales |9 256056 | |
| 650 | 0 | |a Tribunal constitucional |9 255000 | |
| 651 | 7 | |a CHILE |2 CL-VaPUC |9 556744 | |
| 942 | |c BK |2 ddc | ||
| 945 | |d 20110428 00:00:00 |a jcampos | ||
| 952 | |0 0 |1 0 |4 0 |6 342_030000000000000_MAR_2011 |7 0 |8 A |9 442854 |a BIBDER |b BIBDER |d 2019-11-22 |i 4770722 |o 342.03 MAR 2011 |p 4770722 |r 2023-01-25 |w 2019-11-22 |y BK |k DER | ||
| 952 | |0 0 |1 0 |4 0 |6 342_030000000000000_MAR_2011 |7 0 |8 A |9 442855 |a BIBDER |b BIBDER |d 2019-11-22 |i 4772148 |o 342.03 MAR 2011 |p 4772148 |r 2023-01-25 |w 2019-11-22 |y BK |k DER | ||